| 000 | 00897nam a2200277 4500 | ||
|---|---|---|---|
| 001 | 114697 | ||
| 003 | ES-MaACL | ||
| 005 | 20250809030602.0 | ||
| 007 | t| | ||
| 008 | 070320s1984 sp ||||0| spa d | ||
| 016 | 7 | _zIBH8505908111 | |
| 020 | _a84-505-1623-4 | ||
| 040 |
_aIBH _bspa _cM-BN-DP |
||
| 080 | _a353.9(464.1)(094.5) | ||
| 110 | 1 |
_aMadrid (Comunidad Autónoma) _95587 |
|
| 240 | 1 | 0 | _aLeyes, etc. |
| 245 | 1 | 0 | _aRecopilación de leyes institucionales. |
| 260 |
_aMadrid : _bComunidad de Madrid, _cD.L. 1984. |
||
| 300 |
_a528 p. ; _c17 cm. |
||
| 490 | 1 |
_aDocumentación de la Consejería de la Presidencia ; _v1 |
|
| 500 | _aIndices: p. 481-528. | ||
| 650 | 1 | 4 |
_aDerecho- _zMadrid (Comunidad Autónoma) _911630 |
| 830 | 0 |
_aDocumentación de la Consejería de la Presidencia ; _v1 _9233260 |
|
| 852 |
_aES-MaACL _jL-8208 _bR.108955 |
||
| 999 |
_c114697 _d114697 |
||